000
00222nam a22000857a 4500
008
170614b xxu||||| |||| 00| 0 eng d
100
_9
3381
_a
Tata Mc Graw Hill
245
_a
Book of knowledge - 6
260
_a
New Delhi
_b
Tata
_c
2009
999
_c
6733
_d
6733